Los hermanos Wright

Uloženo v:
Podrobná bibliografie
Hlavní autor: Kelly, Fred C.
Médium: Kniha
Jazyk:španělština
Vydáno: Plaza and Janes. c1964.
Témata:
Tagy: Přidat tag
Žádné tagy, Buďte první, kdo vytvoří štítek k tomuto záznamu!

MARC

LEADER 00000nam a22000005a 4500
001 12065
003 CL-ChBUA
005 20120815103359.0
008 070301s1964 ag 000 0 spa
040 |a CL-ChBUA  |c CL-ChBUA 
082 0 0 |a 926 
090 |c 12065  |d 12065 
100 1 |a Kelly, Fred C. 
245 1 0 |a Los hermanos Wright 
260 |b Plaza and Janes.  |c c1964. 
300 |a 269 p.  |c 18 cm. 
504 |a Indice. 
650 4 |a BIOGRAFIAS. 
942 |c LIB 
952 |0 0  |1 0  |4 0  |7 0  |9 17243  |a UNACH  |b UNACH  |c 900  |d 2007-03-05  |i 4.183.  |l 0  |o 926 / K 29.  |p 18242  |r 2012-12-27 00:00:00  |u 17243  |w 2012-08-08  |y LIB  |k 926 / K 29. 
999 |c 12065  |d 12065